| 000 | 00463nam a2200145Ia 4500 | ||
|---|---|---|---|
| 008 | 151021s9999 xx 000 0 und d | ||
| 050 | _aBV 4012.2.G53 2010 | ||
| 245 | _a_Pre-Marital Counselling a guide for the counsellor/ Emmy M. Gichinga | ||
| 260 | _aNairobi ; GEM counselling services, 2003 | ||
| 300 | _a114 p. | ||
| 500 | _aIncludes index | ||
| 500 | _aIncludes index | ||
| 650 | _a_Pre-marital counselling | ||
| 980 | _a^d20141022 02:22:48^omwanik | ||
| 999 |
_c15020 _d15020 |
||